High Stakes (Record no. 173303)
[ view plain ]
| 000 -LEADER | |
|---|---|
| fixed length control field | 00994cam a22003493a 4500 |
| 001 - CONTROL NUMBER | |
| control field | 16553107 |
| 003 - CONTROL NUMBER IDENTIFIER | |
| control field | Nust |
| 005 - DATE AND TIME OF LATEST TRANSACTION | |
| control field | 20180720110301.0 |
| 008 - FIXED-LENGTH DATA ELEMENTS--GENERAL INFORMATION | |
| fixed length control field | 050107r20052003nyu j 000 1 eng d |
| 010 ## - LIBRARY OF CONGRESS CONTROL NUMBER | |
| LC control number | 2004093416 |
| 020 ## - INTERNATIONAL STANDARD BOOK NUMBER | |
| International Standard Book Number | 9780330437387 |
| Terms of availability | Rs. 360 |
| 035 ## - SYSTEM CONTROL NUMBER | |
| System control number | (OCoLC)ocn608981920 |
| 035 ## - SYSTEM CONTROL NUMBER | |
| System control number | (OCoLC)608981920 |
| 038 ## - RECORD CONTENT LICENSOR | |
| Staff Name | Arshad |
| 040 ## - CATALOGING SOURCE | |
| Original cataloging agency | T3G |
| Transcribing agency | Nust |
| Modifying agency | DLC |
| 042 ## - AUTHENTICATION CODE | |
| Authentication code | lccopycat |
| 050 00 - LIBRARY OF CONGRESS CALL NUMBER | |
| Classification number | CPB Box no. 3156 vol. 20 |
| 082 ## - DEWEY DECIMAL CLASSIFICATION NUMBER | |
| Classification number | 813.6 |
| Author Mark | CAB |
| 100 1# - MAIN ENTRY--PERSONAL NAME | |
| Personal name | Cabot, Meg. |
| 9 (RLIN) | 11902 |
| 240 ## - UNIFORM TITLE | |
| Uniform title | The Mediator |
| 245 14 - TITLE STATEMENT | |
| Title | High Stakes |
| Statement of responsibility, etc. | Meg Cabot. |
| 260 ## - PUBLICATION, DISTRIBUTION, ETC. | |
| Place of publication, distribution, etc. | USA |
| Name of publisher, distributor, etc. | Macmillan children Book, |
| Date of publication, distribution, etc. | 2004. |
| 300 ## - PHYSICAL DESCRIPTION | |
| Extent | 199 p. ; |
| Dimensions | 18 cm. |
| 650 ## - SUBJECT ADDED ENTRY--TOPICAL TERM | |
| Topical term or geographic name entry element | Women mediums |
| 9 (RLIN) | 11907 |
| 650 ## - SUBJECT ADDED ENTRY--TOPICAL TERM | |
| Topical term or geographic name entry element | Ghost stories |
| 9 (RLIN) | 11908 |
| 655 #7 - INDEX TERM--GENRE/FORM | |
| Genre/form data or focus term | Ghost stories. |
| Source of term | gsafd |
| 9 (RLIN) | 11908 |
| 655 #7 - INDEX TERM--GENRE/FORM | |
| Genre/form data or focus term | Love stories. |
| Source of term | gsafd |
| 9 (RLIN) | 418 |
| 655 #7 - INDEX TERM--GENRE/FORM | |
| Genre/form data or focus term | Young adult fiction. |
| Source of term | lcsh |
| 9 (RLIN) | 11909 |
| 906 ## - LOCAL DATA ELEMENT F, LDF (RLIN) | |
| a | 7 |
| b | cbc |
| c | copycat |
| d | 2 |
| e | ncip |
| f | 20 |
| g | y-genrareb |
| 942 ## - ADDED ENTRY ELEMENTS (KOHA) | |
| Source of classification or shelving scheme | |
| Koha item type | Book |
| Withdrawn status | Lost status | Source of classification or shelving scheme | Damaged status | Not for loan | Collection code | Permanent Location | Current Location | Shelving location | Date acquired | Total Checkouts | Full call number | Barcode | Date last seen | Date last checked out | Price effective from | Koha item type |
|---|---|---|---|---|---|---|---|---|---|---|---|---|---|---|---|---|
| Central Library (CL) | Central Library (CL) | Fiction | 01/21/2017 | 2 | 813.6 CAB | CL694 | 03/05/2019 | 02/08/2019 | 01/21/2017 | Book |
